| 000 | 01553nam a2200301 a 4500 | ||
|---|---|---|---|
| 001 | 000025340 | ||
| 003 | DO-SdBNP | ||
| 005 | 20251022121453.0 | ||
| 007 | ta | ||
| 008 | 110215s2000 dr f001 0 spa d | ||
| 040 |
_aDO-SdBNP _bspa _cBNPHU |
||
| 082 |
_a327.729 _bC969m |
||
| 111 | 2 |
_aCumbre de jefes de estado y de gobierno de la Asociación de Estados del Caribe _n(2ª : _d1999 abr. 16 : _cSanto Domingo) _951893 |
|
| 245 | 1 | 0 | _aMemoria. |
| 260 |
_aSanto Domingo : _bSecretaría de Estado de Relaciones Exteriores, _c2000. _fAmigo del Hogar |
||
| 300 |
_a162 p. _a23 cm. |
||
| 505 | 0 |
_gPresentación / _rEduardo Latorre -- _tLa Asociación de Estados del Caribe (AEC) -- _tInformación general sobre los países miembros de la ARC -- _tCeremonia de inauguración -- _tSesión de trabajo: discursos pronunciados por los excelentísimos señores jefes de estado y de gobierno -- _tCeremonia de clausura -- _tDocumentos finales. |
|
| 590 | _aInventariado, 2018/BT | ||
| 650 | 4 |
_aConferencia cumbre _951894 |
|
| 650 | 4 |
_aConferencias interamericanas _951895 |
|
| 650 | 4 |
_aJefes de estado _zAmérica Latina _xCongresos, conferencias, etc. _946249 |
|
| 650 | 4 |
_aPresidentes _xEnsayos, conferencias, etc. _92273 |
|
| 651 | 0 |
_aCaribe (Región) _xRelaciones Exteriores _xCongresos, conferencias, etc. _987401 |
|
| 651 | 4 |
_aAmérica Latina _xRelaciones exteriores _xCongresos, conferencias, etc. _98592 |
|
| 710 | 2 |
_aRepública Dominicana. Secretaría de Estado de Relaciones Exteriores. _92256 |
|
| 910 | _aValidado. Control de calidad. EMS | ||
| 942 |
_2ddc _cLBS1 |
||
| 999 |
_c24832 _d24832 |
||